Provinces of Iran (map) Quiz Stats

 Plays Quiz not verified by Sporcle

Also try: 'IN' Countries
Challenge
Share
Tweet
Score 0/31 Timer 10:00
0 Plays Today
% Correct
Tehrān
92.9%
Esfahān
81.5%
Qom
80.5%
Pârs
79.8%
Āzarbāijān-e Sharqi
77.9%
Āzarbāijān-e Gharbī
76.4%
Kermān
75.9%
Kordestān
75%
Yazd
74.8%
Golestān
73.6%
Gīlān
72.5%
Ardabīl
71.9%
Khorāsān-e Shomālī
70.4%
Sīstān-o Balūchestān
69.7%
Khorāsān-e Jonūbī
69.1%
Kermānshāh
68.7%
% Correct
Lorestān
68.4%
Īlām
67.6%
Khūzestān
67.5%
Māzandarān
67.4%
Hormozgān
66.5%
Alborz
63.9%
Semnān
63.7%
Khorāsān-e Rażavī
63.4%
Būshehr
63.1%
Zanjān
60.4%
Hamedān
59.4%
Qazvīn
58.7%
Markazi
55.3%
Chahār-Mahāl-o Bakhtiyārī
42%
Kohgīlūye-o Būyer-Ahmad
36.5%

You're not logged in!

Compare scores with friends on all Sporcle quizzes.
OR
Log In

You Might Also Like...

Show Comments

Extras

Top Quizzes Today


Score Distribution

Your Account Isn't Verified!

In order to create a playlist on Sporcle, you need to verify the email address you used during registration. Go to your Sporcle Settings to finish the process.

Report this User

Report this user for behavior that violates our Community Guidelines.

Details: